ChatGPT thực chiến : Tối ưu nội dung bằng AI. Gia tăng hiệu suất công việc. Sáng tạo video marketing
Trình bày tổng quan về ChatGPT, công cụ viết AI, Midjourney AI; hướng dẫn sử dụng ChatGPT để: Tạo âm thanh, sản xuất video, chế tạo digital human, nâng cao hiệu quả học tập, nâng cao hiệu suất nơi làm việc; xu hướng hướng của lĩnh vực trí tuệ...
Salvato in:
| Autore principale: | |
|---|---|
| Altri autori: | , , |
| Natura: | Libro |
| Lingua: | Vietnamese |
| Pubblicazione: |
H.
Dân trí
2024
|
| Soggetti: | |
| Tags: |
Aggiungi Tag
Nessun Tag, puoi essere il primo ad aggiungerne! !
|
| Thư viện lưu trữ: | Thư viện Trường Đại học Nam Cần Thơ |
|---|
| LEADER | 02827nam a22003377a 4500 | ||
|---|---|---|---|
| 001 | NCT_4_017563 | ||
| 008 | 250312b xxu||||| |||| 00| 0 vie d | ||
| 999 | |c 8841 |d 8841 | ||
| 020 | |a 9786044034485 |c 169000 | ||
| 082 | 0 | 4 | |2 23rd ed. |a 006.35 |b D561 |
| 100 | 0 | |a Dịch Dương | |
| 245 | 1 | 0 | |a ChatGPT thực chiến : |b Tối ưu nội dung bằng AI. Gia tăng hiệu suất công việc. Sáng tạo video marketing |c Dịch Dương, Phan Trạch Bân, Lý Thế Minh ; Huyền Trang (dịch) |
| 260 | |a H. |b Dân trí |c 2024 | ||
| 300 | |a 263 tr. |c 21 cm | ||
| 520 | 3 | |a Trình bày tổng quan về ChatGPT, công cụ viết AI, Midjourney AI; hướng dẫn sử dụng ChatGPT để: Tạo âm thanh, sản xuất video, chế tạo digital human, nâng cao hiệu quả học tập, nâng cao hiệu suất nơi làm việc; xu hướng hướng của lĩnh vực trí tuệ nhân tạo | |
| 653 | |a Công nghệ thông tin | ||
| 700 | 1 | |a Phan Trạch Bân | |
| 700 | 1 | |a Lý Thế Minh | |
| 700 | 0 | |a Huyền Trang |e Dịch | |
| 942 | |2 ddc |c BK | ||
| 952 | |0 0 |1 0 |2 ddc |4 0 |6 006_350000000000000_D561 |7 0 |9 30440 |a 000001 |b 000001 |d 2025-03-12 |o 006.35 D561 |p MD.23630 |r 2025-03-12 |v 169000.00 |w 2025-03-12 |y BK | ||
| 952 | |0 0 |1 0 |2 ddc |4 0 |6 006_350000000000000_D561 |7 0 |9 30441 |a 000001 |b 000001 |d 2025-03-12 |l 1 |o 006.35 D561 |p MD.23631 |r 2025-11-06 |s 2025-10-24 |v 169000.00 |w 2025-03-12 |y BK | ||
| 952 | |0 0 |1 0 |2 ddc |4 0 |6 006_350000000000000_D561 |7 0 |9 30442 |a 000001 |b 000001 |d 2025-03-12 |o 006.35 D561 |p MD.23632 |r 2025-03-12 |v 169000.00 |w 2025-03-12 |y BK | ||
| 952 | |0 0 |1 0 |2 ddc |4 0 |6 006_350000000000000_D561 |7 0 |9 30443 |a 000001 |b 000001 |d 2025-03-12 |l 1 |m 1 |o 006.35 D561 |p MD.23633 |r 2025-11-17 |s 2025-10-27 |v 169000.00 |w 2025-03-12 |y BK | ||
| 952 | |0 0 |1 0 |2 ddc |4 0 |6 006_350000000000000_D561 |7 0 |9 30444 |a 000001 |b 000001 |d 2025-03-12 |o 006.35 D561 |p MD.23634 |r 2025-03-12 |v 169000.00 |w 2025-03-12 |y BK | ||
| 952 | |0 0 |1 0 |2 ddc |4 0 |6 006_350000000000000_D561 |7 0 |9 30445 |a 000001 |b 000001 |d 2025-03-12 |l 2 |m 2 |o 006.35 D561 |p MD.23635 |r 2025-10-04 |s 2025-09-20 |v 169000.00 |w 2025-03-12 |y BK | ||
| 952 | |0 0 |1 0 |2 ddc |4 0 |6 006_350000000000000_D561 |7 0 |9 30446 |a 000001 |b 000001 |d 2025-03-12 |o 006.35 D561 |p MD.23636 |r 2025-03-12 |v 169000.00 |w 2025-03-12 |y BK | ||
| 952 | |0 0 |1 0 |2 ddc |4 0 |6 006_350000000000000_D561 |7 0 |9 30447 |a 000001 |b 000001 |d 2025-03-12 |l 2 |m 1 |o 006.35 D561 |p MD.23637 |r 2025-06-03 |s 2025-05-30 |v 169000.00 |w 2025-03-12 |y BK | ||
| 952 | |0 0 |1 0 |2 ddc |4 0 |6 006_350000000000000_D561 |7 0 |9 30448 |a 000001 |b 000001 |d 2025-03-12 |o 006.35 D561 |p MD.23638 |r 2025-03-12 |v 169000.00 |w 2025-03-12 |y BK | ||
| 952 | |0 0 |1 0 |2 ddc |4 0 |6 006_350000000000000_D561 |7 0 |9 30449 |a 000001 |b 000001 |d 2025-03-12 |l 1 |o 006.35 D561 |p MD.23639 |r 2025-03-22 |s 2025-03-22 |v 169000.00 |w 2025-03-12 |y BK | ||
| 980 | |a Thư viện Trường Đại học Nam Cần Thơ | ||


